The Book of Mormon (Play) Songs - Sudden Death - Statistics

General Stats
  • This quiz has been taken 116 times
  • The average score is 10 of 22
Answers on the Grid
Answers color-coded by a green-red scale on the quiz's grid according to % correct below.
A Doorbell’s Just a Heavenly Knock
A Marvelous Work
All-American Prophet
Baptize Me
Baptize Me Again (This Time For Real)
Called to Serve
Disneyland
Disneyworld
Encore
Faith
Finale
For Good
Go West
Hasa Diga Eebowai
Hasa Diga Eebowai (Reprise)
Have You Heard Of...
Heavenly Father Says No Homo
Hello!
Hello! (Reprise)
I Am Africa
I Am Here for You
I Am Here for You (Reprise)
I Am Mormon
I Believe
I Believe (Reprise)
I Nephi
I Will Go and Do
Joseph Smith American Moses
Joseph’s Amazing Gold Plates
Just the Two of Us
Los Angeles
Making Things Up Again
Man Up
Orlando
Prepare Ye the Way of the Lord
Sal Tlay Ka Siti
Satan Has a Point (Wait, No He Doesn’t)
Send Me on My Way
Spooky Mormon Hell Dream
The Missionary Position
The Plates of Gold
Tomorrow Is a Latter Day
Turn it Off
Two by Two
Two by Two (Reprise)
Two By Two, Just Me and You
We Can Do It
We’ll Bring the World His Truth
You and Me (But Mostly Me)
You and Me (But Mostly Me) (Reprise)
 
Answer Stats
Answer % Correct
All-American Prophet
85%
Baptize Me
76%
Hello!
68%
Hasa Diga Eebowai
66%
I Believe
63%
I Am Africa
56%
Turn it Off
56%
You and Me (But Mostly Me)
53%
Sal Tlay Ka Siti
51%
Two by Two
51%
Spooky Mormon Hell Dream
49%
Tomorrow Is a Latter Day
46%
I Am Here for You
39%
Man Up
39%
Joseph Smith American Moses
37%
Making Things Up Again
37%
Hello! (Reprise)
32%
Hasa Diga Eebowai (Reprise)
24%
I Am Here for You (Reprise)
22%
Orlando
8%
You and Me (But Mostly Me) (Reprise)
8%
Encore
5%
No matching quizzes found
Score Distribution
Percent of People with Each Score
Percentile by Number Answered
Your Score History
You have not taken this quiz